[Event "POL-chT U20 1st League"]
[Site "Chotowa"]
[Date "2025.06.21"]
[Round "8.40"]
[White "Ford, Nikodem"]
[Black "Sucharski, Jakub"]
[Result "0-1"]
[WhiteElo "1730"]
[BlackElo "1775"]
[PlyCount "94"]
[EventDate "2025.06.14"]
[EventType "team-swiss"]
[EventRounds "9"]
[EventCountry "POL"]
[SourceTitle "CB26_2025"]
[SourceDate "2025.06.25"]
[SourceVersion "1"]
[SourceVersionDate "2025.06.25"]
[SourceQuality "1"]
[WhiteTeam "Kalisz"]
[BlackTeam "Bialoleka Bohema Sparta"]
[WhiteTeamCountry "POL"]
[BlackTeamCountry "POL"]

1. Nf3 d5 2. g3 g6 3. Bg2 Bg7 4. 0-0 e5 5. d3 Ne7 6. Nbd2 0-0 7. e4 h6 8. c3 a5 9. b4 axb4 10. cxb4 Be6 11. Bb2 d4 12. Qc2 Nd7 13. a4 c6 14. Ba3 Rc8 15. Qb2 f5 16. Rac1 g5 17. h3 Kh8 18. b5 c5 19. Qa1 b6 20. Nh2 Qc7 21. Bf3 fxe4 22. Nxe4 Bxh3 23. a5 Bxf1 24. Kxf1 Rxf3 25. Nxf3 Qb7 26. a6 Qd5 27. Nfd2 Rf8 28. Qb1 Nf6 29. Nxf6 Rxf6 30. Ne4 Rf8 31. Qc2 Nf5 32. Kg1 Nd6 33. Nxd6 Qxd6 34. Qe2 Qd7 35. Rb1 Qf5 36. Qe4 Qxf2+ 37. Kh1 Qa2 38. Qe1 Qxa3 39. Qe4 Qa2 40. Re1 Qf7 41. Kh2 Qf2+ 42. Kh3 Qf5+ 43. Qxf5 Rxf5 44. a7 Rf8 45. Ra1 Ra8 46. Kg4 e4 47. dxe4 d3 0-1

[Event "POL-chT U20 1st League"]
[Site "Chotowa"]
[Date "2025.06.19"]
[Round "6.22"]
[White "Czachurski, Ignacy"]
[Black "Sucharski, Jakub"]
[Result "0-1"]
[WhiteElo "1645"]
[BlackElo "1775"]
[PlyCount "94"]
[EventDate "2025.06.14"]
[EventType "team-swiss"]
[EventRounds "9"]
[EventCountry "POL"]
[SourceTitle "CB26_2025"]
[SourceDate "2025.06.25"]
[SourceVersion "1"]
[SourceVersionDate "2025.06.25"]
[SourceQuality "1"]
[WhiteTeam "Bialystok Stoczek II"]
[BlackTeam "Bialoleka Bohema Sparta"]
[WhiteTeamCountry "POL"]
[BlackTeamCountry "POL"]

1. e4 c5 2. Nf3 e6 3. d4 cxd4 4. Nxd4 Nc6 5. Nxc6 bxc6 6. Bd3 Nf6 7. Qe2 d5 8. Nd2 Qc7 9. e5 Nd7 10. Nf3 Nc5 11. 0-0 Nxd3 12. cxd3 c5 13. d4 Qb6 14. Rd1 Ba6 15. Qc2 Rc8 16. Qb1 Be2 17. Be3 Bxd1 18. Qxd1 cxd4 19. Bxd4 Bc5 20. Bxc5 Qxc5 21. Qa4+ Qc6 22. Qb4 Qc4 23. Qe1 0-0 24. b3 Qc3 25. h3 Qxe1+ 26. Rxe1 Rc2 27. a4 Rc3 28. Re3 Rfc8 29. Nd2 Rxe3 30. fxe3 Rc2 31. Nf3 Rc3 32. Kf2 Rxb3 33. Nd4 Ra3 34. Kf3 Rxa4 35. g4 a5 36. Nb3 Ra3 37. Nc1 d4 38. g5 Rxe3+ 39. Kf4 a4 40. h4 a3 41. Kg4 d3 42. Nxd3 Rxd3 43. Kh5 g6+ 44. Kg4 a2 45. h5 a1Q 46. hxg6 hxg6 47. Kf4 Qd4# 0-1

[Event "POL-chT U20 1st League"]
[Site "Chotowa"]
[Date "2025.06.17"]
[Round "4.4"]
[White "Zieba, Franciszek"]
[Black "Sucharski, Jakub"]
[Result "0-1"]
[WhiteElo "1746"]
[BlackElo "1775"]
[PlyCount "116"]
[EventDate "2025.06.14"]
[EventType "team-swiss"]
[EventRounds "9"]
[EventCountry "POL"]
[SourceTitle "CB26_2025"]
[SourceDate "2025.06.25"]
[SourceVersion "1"]
[SourceVersionDate "2025.06.25"]
[SourceQuality "1"]
[WhiteTeam "Chrzanow"]
[BlackTeam "Bialoleka Bohema Sparta"]
[WhiteTeamCountry "POL"]
[BlackTeamCountry "POL"]

1. d4 d5 2. c4 e6 3. Nf3 Nf6 4. g3 dxc4 5. Qa4+ Nbd7 6. Qxc4 b6 7. Bg2 Bb7 8. 0-0 Bd6 9. Nc3 0-0 10. Re1 c5 11. dxc5 Nxc5 12. Rd1 Qe7 13. Bg5 Rfd8 14. Qh4 Ncd7 15. e4 e5 16. Nd5 Bxd5 17. Rxd5 h6 18. Rad1 hxg5 19. Nxg5 Nf8 20. R5d3 Bc7 21. Bf1 Rxd3 22. Rxd3 Rd8 23. Qh3 Rxd3 24. Bxd3 Qd7 25. Qxd7 N8xd7 26. Bc4 Kf8 27. f3 Nc5 28. Bxf7 Nh7 29. Ne6+ Nxe6 30. Bxe6 Ke7 31. Bc4 Kd6 32. b4 Kc6 33. Kf2 Bd6 34. a3 a5 35. bxa5 bxa5 36. a4 Kc5 37. Be2 Kd4 38. h4 Nf8 39. Bb5 Ne6 40. h5 Kc3 41. g4 Kd2 42. Bc4 Nf4 43. Bf7 Be7 44. Kg3 Bg5 45. Be8 Ke3 46. Bb5 Ne6 47. Bf1 Nd4 48. Bg2 Ne2+ 49. Kh2 Kf2 50. Bh1 Nf4 51. h6 gxh6 52. Bg2 Nxg2 53. Kh3 Nf4+ 54. Kh2 Bh4 55. Kh1 Bg3 56. g5 Kf1 57. gxh6 Nd3 58. h7 Nf2# 0-1

[Event "Warsaw YMCA Winter-A 297th"]
[Site "Warsaw"]
[Date "2025.03.20"]
[Round "11"]
[White "Sucharski, Jakub"]
[Black "Kwiecinski, Rafal"]
[Result "1-0"]
[WhiteElo "1736"]
[BlackElo "1756"]
[PlyCount "69"]
[EventDate "2025.01.09"]
[EventType "tourn"]
[EventRounds "11"]
[EventCountry "POL"]
[SourceTitle "CB14_2025"]
[SourceDate "2024.11.01"]
[SourceVersion "1"]
[SourceVersionDate "2024.11.01"]
[SourceQuality "1"]

1. d4 d5 2. c4 e6 3. Nf3 Nf6 4. cxd5 exd5 5. Nc3 Be7 6. Bg5 0-0 7. e3 Re8 8. Qb3 c6 9. Bd3 Nbd7 10. 0-0 h6 11. Bh4 Nb6 12. Rfe1 Be6 13. Nd2 c5 14. Qc2 c4 15. Bf5 Qd7 16. Bxe6 Qxe6 17. e4 Qd7 18. e5 Nh7 19. Bxe7 Rxe7 20. Nf1 Rae8 21. f4 f6 22. Ne3 fxe5 23. fxe5 Rf8 24. a4 a5 25. Qg6 Re6 26. Qg4 g5 27. Rf1 Rxf1+ 28. Rxf1 Nf8 29. Qf3 Ng6 30. Ncxd5 Nxd5 31. Nxd5 Kg7 32. Ne3 Nf4 33. Nf5+ Kg6 34. Qe4 Qd5 35. Ne7+ 1-0

[Event "Warsaw YMCA Winter-A 297th"]
[Site "Warsaw"]
[Date "2025.01.16"]
[Round "2"]
[White "Szewczak, Andrzej"]
[Black "Sucharski, Jakub"]
[Result "1-0"]
[WhiteElo "1797"]
[BlackElo "1736"]
[PlyCount "95"]
[EventDate "2025.01.09"]
[EventType "tourn"]
[EventRounds "11"]
[EventCountry "POL"]
[SourceTitle "CB14_2025"]
[SourceDate "2024.11.01"]
[SourceVersion "1"]
[SourceVersionDate "2024.11.01"]
[SourceQuality "1"]

1. b4 e5 2. Bb2 Bxb4 3. Bxe5 Nf6 4. Nf3 0-0 5. e3 d5 6. Be2 c5 7. 0-0 Nc6 8. Bg3 Re8 9. d3 Qe7 10. Nbd2 d4 11. e4 Nh5 12. Bh4 Qe6 13. Ng5 Qh6 14. f4 Nf6 15. Bg3 Ng4 16. Bxg4 Bxd2 17. Qxd2 Bxg4 18. h3 Bd7 19. c4 f6 20. Nf3 Qg6 21. Kh2 f5 22. e5 Nd8 23. a4 Bc6 24. Qe2 Ne6 25. a5 Nc7 26. Be1 b5 27. axb6 axb6 28. Bd2 Rec8 29. Nh4 Qf7 30. g4 fxg4 31. hxg4 b5 32. f5 bxc4 33. dxc4 Rd8 34. Rxa8 Nxa8 35. e6 Qe7 36. g5 d3 37. Qe5 Nc7 38. Rf4 Ra8 39. Rf2 Ne8 40. f6 gxf6 41. gxf6 Nxf6 42. Qxf6 Qxf6 43. Rxf6 Kg7 44. Rf7+ Kg8 45. Bh6 Re8 46. Nf5 d2 47. Ne7+ Rxe7 48. Rf8# 1-0